Detalles MARC
| 000 -LIDER |
| fixed length control field |
00916cam a2200301 a 4500 |
| 001 - NÚMERO DE CONTROL |
| Identificador de número de control |
000020093 |
| 003 - IDENTIFICACDOR DE NÚMERO DE CONTROL |
| control field |
DO-SdBPM |
| 005 - DATE AND TIME OF LATEST TRANSACTION |
| control field |
20250604111253.0 |
| 007 - CAMPOS FIJOS DE DESCRIPCIÓN FÍSICA |
| fixed length control field |
000020093 |
| 008 - ELEMENTOS DE LONGITUD FIJA |
| fixed length control field |
790517s2000 sp 000 d spa d |
| 020 ## - ISBN |
| International Standard Book Number |
8481301671 |
| 040 ## - FUENTE DE CATALOGACIÓN |
| Agencia que crea de manera original el registro |
DO-SdBPM |
| Idioma de catalogación |
spa |
| Agencia que realiza la transcripción |
BPMSU |
| 082 #4 - NÚMERO DE CLASIFICACIÓN DECIMAL DE DEWEY |
| Classification number |
832.62 |
| Item number |
G599f 1999 |
| Edition number |
22 |
| 100 1# - ASIENTO PRINCIPAL -- NOMBRE PERSONAL |
| Nombre personal |
Goethe, Johann Wolfgang Von, |
| Fechas asociadas con el nombre |
1749-1832 |
| 240 #0 - TITULO UNIFORME |
| Título uniforme |
Faust. |
| Idioma de una obra |
Español |
| 245 10 - MENCIÓN DE TITULO |
| Título |
Fausto / |
| Mención de responsabilidad |
Johann W. Goethe ; traducción de Pedro Gálvez. |
| 260 ## - PUBLICACIÓN, DISTRIBUCIÓN, ETC. (PIE DE IMPRENTA) |
| Lugar de publicación, distribución, etc |
Madrid : |
| Nombre del editor, distribuidor, etc. |
Milleniun, |
| Fecha de publicación, distribución, etc |
1999 |
| 300 ## - DESCRIPCIÓN FÍSICA |
| Extensión |
478 p. ; |
| Dimensiones |
21 cm. |
| 490 ## - MENCIÓN DE SERIES |
| Mención de serie |
Joyas del milenio, |
| Volume/sequential designation |
6 |
| 534 ## - NOTA SOBRE LA VERSIÓN ORIGINAL |
| Asiento principal del original |
Título original: Faust |
| Publicación, distribución, etc. del original |
Barcelona : Bibliotex, 2000. |
| 590 ## - NOTA LOCAL |
| Texto de la nota local |
Inventariado, 2025/VM |
| 650 #4 - ENCABEZAMIENTO DE MATERIA--TEMÁTICO |
| Término temático o nombre geográfico como elemento de entrada |
Teatro alemán |
| 650 #4 - ENCABEZAMIENTO DE MATERIA--TEMÁTICO |
| Término temático o nombre geográfico como elemento de entrada |
Literatura alemana |
| 700 1# - ASIENTO SECUNDARIO -- NOMBRE PERSONAL |
| Nombre personal |
Gálvez, Pedro, |
| Mención de responsabilidad |
traductor |
| 700 1# - ASIENTO SECUNDARIO -- NOMBRE PERSONAL |
| Nombre personal |
Trías, Eugenio |
| Mención de responsabilidad |
prólogo |
| 910 ## - VALIDACIÓN |
| Validación |
VMateo V. Control de calidad. BPMSU |
| 942 ## - ADDED ENTRY ELEMENTS (KOHA) |
| Source of classification or shelving scheme |
Dewey Decimal Classification |
| Koha item type |
Libros |